Normal view MARC view
  • MS-MECH-18

Entry Topical Term

Number of records used in: 1

001 - CONTROL NUMBER

  • control field: 83986

003 - CONTROL NUMBER IDENTIFIER

  • control field: NUST

005 - DATE AND TIME OF LATEST TRANSACTION

  • control field: 20211112112440.0

008 - FIXED-LENGTH DATA ELEMENTS

  • fixed length control field: 211112|| aca||aabn | a|a d

040 ## - CATALOGING SOURCE

  • Original cataloging agency: NUST
  • Transcribing agency: NUST

150 ## - HEADING--TOPICAL TERM

  • Topical term or geographic name entry element: MS-MECH-18

670 ## - SOURCE DATA FOUND

  • Source citation: Work cat.: (NUST): Hafiz Zia ur Rahman 83985, TH-SOF-1925-Numerical Investigation of Friction and Wear Characteristics of Surfaces using MoS2 Nanoparticles in PAO, 2021.
© 2023 Central Library, National University of Sciences and Technology. All Rights Reserved.